000 00675cam a22002291 4500
001 ca 35000636
003 DLC
005 20260227111138.0
008 800528s1935 maua 000 0 eng
010 _aca 35000636
035 _a(OCoLC)6363391
040 _aDLC
_cOCl
_dDLC
042 _apremarc
050 0 0 _aPS3543.A77
_bH6 1935
082 _a812.5
100 1 _aVarick, Jane N.
245 1 0 _aHoneymoon inn;
_ba play in three acts,
_cby Jane N. Varick, revised by J. C. McMullen.
260 _aBoston,
_bWalter H. Baker company
_c[c1935]
300 _a84 p.
_bdiagr.
_c19 cm.
490 0 _aBaker's edition of plays
700 1 _aMcMullen, J. C.
_q(Joseph Carl),
_d1882-
999 _c17854
_d17854